| 000 | 00845cab a22002055a 4500 | ||
|---|---|---|---|
| 001 | L158305 | ||
| 008 | 141204e20141122xxk 000 0 eng d | ||
| 035 | _a(Sirsi) u158305 | ||
| 041 | 0 | _aeng | |
| 100 | 1 | _aRhodes, Alexander | |
| 245 | 0 | 0 | _aSaving tomorrow, today |
| 260 | _c2014 | ||
| 490 |
_aEstates Gazette _v(1447) 22 November 2014, 102-104(3) |
||
| 520 | _aExplains conservation covenants, a voluntary agreement between a landowner and a responsible body for activities on their land for a conservation purpose. Explores the possible interaction between the covenants and biodiversity offsetting which is a way of providing conservation activities to compensate for losses or damage to nature. | ||
| 590 | _aKA | ||
| 651 | 4 |
_aEngland and Wales _y1543- |
|
| 690 |
_aSustainability _96271 |
||
| 700 | 1 | _aMcKibbin, Shelagh | |
| 942 | _n0 | ||
| 999 |
_c84555 _d84555 |
||